| 000 | 00617nam a2200157Ia 4500 | ||
|---|---|---|---|
| 008 | 250506s9999 xx 000 0 und d | ||
| 024 | _a19B-016-CS, 19B-026-CS, 19B-028-CS, 19B-046-CS, & 19B-069-CS | ||
| 082 | _a005.1072 KHA | ||
| 100 | _aAshar Ullah Khan, Muhammad Shah, Moiz Ahmed Khan, Muhammad Faraz Javaid, & Hania Ali | ||
| 110 | _aProf. Syed Faisal Ali | ||
| 245 | 0 | _aANY EXAM | |
| 260 |
_aKarachi: _bUIT, _c2019 |
||
| 600 | _aComputer Science | ||
| 650 | _aBachelor of Computer Science (BS) | ||
| 856 |
_uhttps://drive.google.com/file/d/1G5DeftgwMieBLXs0Ib2463IriRLF8W7Q/view?usp=sharing _yClick here for PDF |
||
| 999 |
_c29227 _d29227 |
||